000 01532nam a2200385 a 4500
001 ebr10623284
003 CaPaEBR
006 m u
007 cr cn|||||||||
008 070424s2006 enk sb 001 0 eng d
010 _z 2007273955
020 _z0719067936 (pbk.)
020 _z0719067928 (hbk.)
020 _z9780719067921
020 _z9781847791580 (e-book)
040 _aCaPaEBR
_cCaPaEBR
035 _a(OCoLC)823740203
043 _ae-uk---
050 1 4 _aDA16
_b.W335 2006eb
082 0 4 _a325/.32094
_222
100 1 _aWebster, Anthony.
245 1 4 _aThe debate on the the [sic] rise of the British empire
_h[electronic resource] /
_cAnthony Webster.
246 1 4 _aDebate on the rise of the British empire
260 _aManchester ;
_aNew York :
_bManchester University Press ;
_aNew York :
_bDistributed in the USA by Palgrave,
_c2006.
300 _ax, 198 p.
440 0 _aIssues in historiography
504 _aIncludes bibliographical references (p. 184-186) and index.
533 _aElectronic reproduction.
_bPalo Alto, Calif. :
_cebrary,
_d2011.
_nAvailable via World Wide Web.
_nAccess may be limited to ebrary affiliated libraries.
650 0 _aImperialism
_xHistoriography.
651 0 _aGreat Britain
_xColonies
_xHistoriography.
651 0 _aGreat Britain
_xColonies
_xHistory.
655 7 _aElectronic books.
_2local
710 2 _aebrary, Inc.
856 4 0 _uhttp://site.ebrary.com/lib/rucke/Doc?id=10623284
_zAn electronic book accessible through the World Wide Web; click to view
999 _c55800
_d55800